How you can have joy. (Record no. 12655)

000 -LEADER
fixed length control field 00528nam a2200181 a 4500
001 - CONTROL NUMBER
control field :::00010468$&:&@@
003 - CONTROL NUMBER IDENTIFIER
control field OkBaRHE
005 - DATE AND TIME OF LATEST TRANSACTION
control field 20000607103359.0
008 - FIXED-LENGTH DATA ELEMENTS--GENERAL INFORMATION
fixed length control field s1976 j 000 0 eng u
040 ## - CATALOGING SOURCE
Transcribing agency
100 1# - MAIN ENTRY--PERSONAL NAME
Personal name Jamison, Vicki.
245 10 - TITLE STATEMENT
Title How you can have joy.
260 ## - PUBLICATION, DISTRIBUTION, ETC. (IMPRINT)
Place of publication, distribution, etc Dalls,TX., :
Name of publisher, distributor, etc Vicki Jamison Ministries
Date of publication, distribution, etc c1976
300 ## - PHYSICAL DESCRIPTION
Extent 125 p. ;
Dimensions 18 cm.
650 ## - SUBJECT ADDED ENTRY--TOPICAL TERM
Topical term or geographic name as entry element Christian Life
942 ## - ADDED ENTRY ELEMENTS (KOHA)
Source of classification or shelving scheme
Koha item type Books
Copies
Not for loan Damaged status Full call number Source of classification or shelving scheme Shelving location Lost status Barcode Price effective from Date last seen Copy number Permanent Location Date acquired Withdrawn status Koha item type
  BV 4501 .J3 General Stacks 104682010-04-142010-04-141RHEMA Bible Training College2010-04-14 Books